[Event "noroc2021"]
[Site "http://www.queenalice.com/game.php?id=1758119"]
[Date "2021.4.30"]
[Round "2"]
[White "niclep"]
[Black "Fauquinelle"]
[Result "1-0"]
[WhiteElo "2067"]
[BlackElo "1901"]

1. e4 e5 2. a3 Nf6 3. Nc3 Bc5 4. h3 d5 5. exd5 Nxd5 6. Ne4 Bb6 7. Nf3 O-O 8. Bc4
Nc6 9. d3 Kh8 10. Bxd5 Qxd5 11. c4 Qe6 12. b4 Bd4 13. Ra2 f5 14. Ned2 e4 15.
dxe4 fxe4 16. Nxd4 Nxd4 17. O-O Qg6 18. Kh1 Qc6 19. b5 Qe6 20. Rb2 c6 21. Nb3
Nxb3 22. Qxb3 cxb5 23. cxb5 Qe5 24. Qb4 Be6 25. Re1 Rac8 26. Be3 b6 27. Rd2 Rfd8
28. Bd4 Qf5 29. Rxe4 Bd5 30. Re3 Rc2 31. Rxc2 Qxc2 32. Bxg7+ Kg8 33. Bf6 Qc7 34.
Rg3+ 1-0

[Event "noroc2021"]
[Site "http://www.queenalice.com/game.php?id=1762486"]
[Date "2021.6.17"]
[Round "3"]
[White "niclep"]
[Black "CCapivara"]
[Result "0-1"]
[WhiteElo "2057"]
[BlackElo "2238"]

1. e4 d6 2. d4 Nf6 3. Nc3 c6 4. h3 e5 5. d5 cxd5 6. Nxd5 Nxe4 7. Bd3 Nf6 8. Ne3
Be7 9. Nf3 O-O 10. O-O e4 0-1

[Event "Let's Play Chess!"]
[Site "http://www.queenalice.com/game.php?id=1768136"]
[Date "2021.8.29"]
[Round "-"]
[White "niclep"]
[Black "charles31"]
[Result "1-0"]
[WhiteElo "2058"]
[BlackElo "1696"]

1. e4 e5 2. a3 d5 3. Nc3 d4 4. Nce2 Bg4 5. h3 Bh5 6. d3 Nc6 7. Qd2 Bd6 8. Ng3
Bg6 9. Nf3 h6 10. c3 dxc3 11. Qxc3 Nf6 12. Be2 Qd7 13. b4 b6 14. Bb2 a6 15. O-O
Na7 16. Nxe5 Bxe5 17. Qxe5+ Qe7 18. Qxe7+ Kxe7 19. Rac1 c6 20. f4 Rac8 21. f5
Bh7 22. e5 Nd5 23. d4 b5 24. Ne4 Ne3 25. Rf3 Nxf5 26. Rcf1 Rcf8 27. Nc5 Nh4 28.
Rf4 Ng6 29. R4f2 f5 30. Bh5 Nh4 31. g3 Ng6 32. Nxa6 Ke6 33. Nc5+ Ke7 34. Rxf5
Rxf5 35. Rxf5 Rf8 36. Bg4 Rf7 37. Rf2 Rxf2 38. Kxf2 Nf8 39. h4 g6 40. Bc1 h5 41.
Bg5+ Kf7 42. e6+ Ke8 43. Bf3 Bg8 44. d5 cxd5 45. Bxd5 Nc8 46. Bc6+ Nd7 47. exd7+
1-0

[Event "noroc2021"]
[Site "http://www.queenalice.com/game.php?id=1768540"]
[Date "2021.9.2"]
[Round "4"]
[White "RobertD"]
[Black "niclep"]
[Result "0-1"]
[WhiteElo "1872"]
[BlackElo "2060"]

1. f4 f5 2. Nf3 d6 3. Nc3 Nc6 4. d4 Nf6 5. e3 a6 6. Bd3 e6 7. a3 Be7 8. b4 b5 9.
Bb2 O-O 10. Qe2 Bd7 11. h3 d5 12. Kd2 Bd6 13. Rag1 Ne7 14. g4 h6 15. gxf5 Nxf5
16. Bxf5 exf5 17. Ne5 Bxe5 18. fxe5 Nh7 19. Qh5 Ng5 20. Qe2 c6 21. Qg2 Rf7 22.
h4 Ne6 23. Rf1 Qe7 24. Ne2 Kh7 25. Nf4 Rg8 26. Qg6+ Kh8 27. Qh5 Nxf4 28. exf4
Kh7 29. Rhg1 Be8 30. Qg6+ Kh8 31. Rg5 Rff8 32. Qd6 Qxd6 33. exd6 hxg5 34. hxg5
Bh5 35. Re1 Re8 36. Rg1 g6 0-1

[Event "noroc2021"]
[Site "http://www.queenalice.com/game.php?id=1774845"]
[Date "2021.11.15"]
[Round "5"]
[White "niclep"]
[Black "saida"]
[Result "1-0"]
[WhiteElo "2068"]
[BlackElo "1698"]

1. e4 e5 2. a3 Nf6 3. Nc3 Nc6 4. Nf3 Bc5 5. h3 O-O 6. d3 Re8 7. Ne2 Ne7 8. Nxe5
d6 9. Nf3 d5 10. e5 Nd7 11. d4 Bb6 12. Nh2 c5 13. c3 f6 14. f4 Ba5 15. Bd2 c4
16. Ng3 fxe5 17. fxe5 Ng6 18. Be2 Qh4 19. Nf1 Qe4 20. Nxe4 1-0

[Event "AUTO-OPEN-4345"]
[Site "http://www.queenalice.com/game.php?id=1781385"]
[Date "2022.1.27"]
[Round "1"]
[White "Kapablanca"]
[Black "niclep"]
[Result "1/2-1/2"]
[WhiteElo "1450"]
[BlackElo "2074"]

1. d4 d5 2. Nf3 h6 3. c4 c6 4. Nc3 Nf6 5. e3 e6 6. Be2 Bd6 7. O-O O-O 8. b3 Nh7
9. Bb2 f5 10. Nd2 Nd7 11. f4 Ndf6 12. Nf3 Ne4 13. Nxe4 fxe4 14. Ne5 Bd7 15. Bg4
Nf6 16. Bh3 Nh7 17. Rc1 Rf6 18. cxd5 cxd5 19. Rf2 Rc8 20. Rxc8 Bxc8 21. Qf1 Qf8
22. Qc1 h5 23. Qd1 g6 24. g3 g5 25. Qf1 g4 26. Bg2 Bxe5 27. dxe5 Rf7 28. Rc2 Bd7
29. Qc1 Qe7 30. Rc7 Qb4 31. Ba3 Qb6 32. Bf1 d4 33. Qc5 Qxc5 34. Bxc5 d3 35. Bxa7
Bc6 36. Rxf7 Kxf7 37. Kf2 Nf8 38. Ke1 Nd7 39. Bd4 Nb8 40. Kd2 Bd5 41. Bxd3 exd3
42. Kxd3 Nc6 43. Bc3 Na7 44. e4 Bc6 45. a4 Ke7 46. Kd4 b5 47. a5 Bd7 48. Kc5 Nc6
49. Kxb5 Nd8+ 50. Kb6 Bc6 51. f5 Bxe4 52. f6+ Kd7 53. b4 Kc8 54. b5 Kb8 55. Kc5
Nf7 56. Bd4 Bd5 57. a6 Kc7 58. b6+ Kb8 59. b7 Kc7 60. Kb5 Bxb7 61. axb7 Kxb7 62.
Bc3 Kc7 63. Kc5 Kd7 64. Kb6 Ng5 65. Bb4 Ke8 66. Bd2 Nf7 67. Bf4 Kd7 68. Kc5 Kc7
69. Kd4 Kc6 70. Ke3 Kd5 71. Kf2 Ke4 72. Kg2 Nh8 73. h3 Nf7 74. hxg4 hxg4 75. Kf2
Kd3 76. Ke1 Nd8 77. Kd1 Nf7 78. Kc1 Kc3 79. Kd1 1/2-1/2

[Event "AUTO-OPEN-4345"]
[Site "http://www.queenalice.com/game.php?id=1781386"]
[Date "2022.1.27"]
[Round "1"]
[White "niclep"]
[Black "Kapablanca"]
[Result "0-1"]
[WhiteElo "2072"]
[BlackElo "1156"]

1. e4 e6 2. d4 d5 3. e5 c5 4. c3 Nc6 5. a3 Nge7 6. Nf3 Ng6 7. Bd3 Be7 8. Bxg6
hxg6 9. O-O b6 10. Be3 O-O 11. h3 Bb7 12. Nh2 Rc8 13. g4 cxd4 14. cxd4 Na5 15.
Nd2 Ba6 16. Re1 Bg5 17. f4 Bh4 18. Bf2 Bxf2+ 19. Kxf2 Rc6 20. b4 Nc4 21. Nhf3
Qc7 22. a4 Nb2 23. Qb1 Nd3+ 24. Kg3 Nxe1 25. Nxe1 Rc3+ 26. Kg2 Rc8 27. Ndf3 Rc1
28. Qb2 Rxa1 29. Qxa1 Qc3 30. Qb1 Rc4 31. b5 Bb7 32. Qa2 Rb4 0-1

[Event "AUTO-OPEN-4345"]
[Site "http://www.queenalice.com/game.php?id=1781411"]
[Date "2022.1.27"]
[Round "1"]
[White "askasl159"]
[Black "niclep"]
[Result "0-1"]
[WhiteElo "1656"]
[BlackElo "2070"]

1. e4 e5 2. f4 d6 3. Nf3 exf4 4. h3 Be7 5. Bc4 h6 6. d4 Bh4+ 7. Ke2 Nc6 8. Bxf4
Be7 9. Re1 Nf6 10. Nc3 O-O 11. Kf2 Nh7 12. a3 a6 13. Bb3 b5 14. d5 Na7 15. e5 c6
16. exd6 Bxd6 17. dxc6 Bxf4 18. Qxd8 Rxd8 19. Bd5 Bf5 20. Re2 Nf6 21. Rd1 Nxd5
22. Nxd5 Nxc6 23. Ne7+ Nxe7 24. Rxd8+ Rxd8 25. Rxe7 Bxc2 26. g3 Bd6 27. Ra7 Bc5+
0-1

[Event "AUTO-OPEN-4345"]
[Site "http://www.queenalice.com/game.php?id=1781412"]
[Date "2022.1.27"]
[Round "1"]
[White "niclep"]
[Black "askasl159"]
[Result "1-0"]
[WhiteElo "2072"]
[BlackElo "1665"]

1. e4 e5 2. Nf3 d5 3. exd5 Bd6 4. h3 Nf6 5. c4 O-O 6. d3 Bf5 7. Be2 Nbd7 8. Be3
c6 9. dxc6 bxc6 10. O-O Bc5 11. Qd2 Bxe3 12. Qxe3 Re8 13. Qd2 a5 14. Nc3 e4 15.
Nd4 c5 16. Nxf5 exd3 17. Bxd3 Ne5 18. Rad1 Re6 19. Nb5 Nxd3 20. Qxd3 Qxd3 21.
Rxd3 Rb8 22. Rfd1 g6 23. Ne3 Rb7 24. b3 Kg7 25. Nd5 Nxd5 26. Rxd5 Rc6 27. Nd6
Re7 28. R1d2 h6 29. g4 f6 30. f4 g5 31. Nf5+ 1-0

[Event "AUTO-OPEN-4482"]
[Site "http://www.queenalice.com/game.php?id=1823723"]
[Date "2023.10.24"]
[Round "1"]
[White "Rocio"]
[Black "niclep"]
[Result "0-1"]
[WhiteElo "1430"]
[BlackElo "2066"]

1. e4 e5 2. Bc4 Nf6 3. Nc3 Nc6 4. a3 d6 5. h3 Be7 6. Nf3 h6 7. d3 O-O 8. g4 Nh7
9. h4 Bxg4 10. Rg1 Bxf3 11. Qxf3 Bf6 12. Bxh6 Kh8 13. Be3 Qe7 14. Ne2 Bxh4 15.
Qg4 Bf6 16. Bh6 gxh6 17. Ng3 Rg8 18. Qf5 Rg5 19. Qf3 Nd4 20. Qe3 Nxc2+ 21. Ke2
Nxe3 22. Kxe3 Rag8 23. f4 Rxg3+ 24. Rxg3 Rxg3+ 25. Kd2 exf4 26. Rf1 Be5 27. Rh1
Qg5 28. Bxf7 f3+ 29. Kc2 Rg2+ 30. Kb3 Qd2 31. Ka4 Qxd3 32. Rxh6 a6 33. Rh1 Qb5#
0-1

[Event "AUTO-OPEN-4482"]
[Site "http://www.queenalice.com/game.php?id=1823724"]
[Date "2023.10.24"]
[Round "1"]
[White "niclep"]
[Black "Rocio"]
[Result "1-0"]
[WhiteElo "2064"]
[BlackElo "1432"]

1. e4 e5 2. a3 Nf6 3. Nc3 a6 4. Nf3 Bd6 5. Bc4 h6 6. d3 Bc5 7. h3 Nc6 8. O-O d6
9. b4 b5 10. Ba2 Bxh3 11. gxh3 Nh5 12. Nxe5 Nxe5 13. Qxh5 Rf8 14. Ne2 Qf6 15.
bxc5 dxc5 16. Rb1 Rd8 17. f4 Ng6 18. Qxc5 Qh4 19. Kh2 Ne7 20. f5 g6 21. f6 Ng8
22. e5 Rd7 23. Qc6 Qh5 24. Qe4 Kd8 25. Nd4 Re8 26. Qa8# 1-0

[Event "AUTO-OPEN-4482"]
[Site "http://www.queenalice.com/game.php?id=1823747"]
[Date "2023.10.24"]
[Round "1"]
[White "SGF"]
[Black "niclep"]
[Result "0-1"]
[WhiteElo "1724"]
[BlackElo "2068"]

1. e4 e5 2. Qf3 Nf6 3. d3 h6 4. Be2 Bc5 5. Qg3 g6 6. Qxe5+ Be7 7. h4 d6 8. Qb5+
c6 9. Qb4 d5 10. Qc3 dxe4 11. dxe4 a5 12. a4 Bb4 13. f3 Bxc3+ 14. Nxc3 Be6 15.
Bf4 Nbd7 16. g4 Qb6 17. e5 Qxb2 18. Rb1 Qxc3+ 19. Bd2 Qxc2 20. Rc1 Qxa4 21. exf6
Nxf6 22. Bd1 Qd4 23. Bc3 Qd8 24. f4 Nd5 25. Bxh8 Nxf4 26. Bc2 Bxg4 27. Rh2 Qe7+
28. Ne2 Rd8 29. Rd1 Rxd1+ 30. Bxd1 f6 31. Rf2 Nd3+ 32. Kf1 Nxf2 33. Kxf2 Kf8 34.
Nf4 Qf7 35. Bxg4 Qc4 36. Nxg6+ Kf7 37. Bh5 Qc5+ 38. Kg3 Qxh5 39. Nf4 Qe5 40. Kg4
a4 41. Nd3 Qe2+ 42. Kf5 Qxd3+ 43. Kg4 a3 44. Kh5 Qf5+ 45. Kxh6 Qg6# 0-1

[Event "AUTO-OPEN-4482"]
[Site "http://www.queenalice.com/game.php?id=1823748"]
[Date "2023.10.24"]
[Round "1"]
[White "niclep"]
[Black "SGF"]
[Result "1-0"]
[WhiteElo "2074"]
[BlackElo "1645"]

1. e4 e5 2. a3 Qf6 3. Nf3 d6 4. h3 Be7 5. d3 Qg6 6. Nh2 h5 7. Nc3 c6 8. g3 b5 9.
Bg2 a5 10. O-O h4 11. g4 Nf6 12. Be3 Bb7 13. f4 Nbd7 14. f5 Qh7 15. g5 Ng8 16.
Qg4 b4 17. Ne2 c5 18. Nf3 Qh5 19. Nh2 Qxg4 20. Nxg4 f6 21. g6 bxa3 22. Rxa3 a4
23. c4 Bc6 24. Nh2 Nb6 25. Nf3 Kd7 26. Bf2 Kc7 27. Bxh4 Kd7 28. Nc3 Bd8 29. Rfa1
Ne7 30. Bf2 Kc8 31. Nd2 Ng8 32. Be3 Kb7 33. Kh2 Nh6 34. Bxh6 gxh6 35. Nd5 Bxd5
36. cxd5 h5 37. Bf3 h4 38. Bd1 Rg8 39. Bxa4 Nxa4 40. Rxa4 Rxa4 41. Rxa4 Kb6 42.
Kg2 Kb5 43. Ra7 Bb6 44. Rd7 Ra8 45. Rxd6 Ra2 46. Nc4 Ba5 47. g7 Bc7 48. Rxf6 Ra8
49. Re6 Rg8 50. f6 Bd8 51. Kf3 Bxf6 52. Rxf6 Rxg7 53. b3 Rg3+ 54. Ke2 Rxh3 55.
Rb6# 1-0

[Event "AUTO-OPEN-4482"]
[Site "http://www.queenalice.com/game.php?id=1831046"]
[Date "2024.2.7"]
[Round "2"]
[White "bmax"]
[Black "niclep"]
[Result "1-0"]
[WhiteElo "2277"]
[BlackElo "2080"]

1. d4 d5 2. Bf4 Nf6 3. e3 Nc6 4. Nf3 h6 5. c4 e6 6. Nc3 Bd6 7. Bg3 Bxg3 8. hxg3
O-O 9. a3 a6 10. Bd3 Ne7 11. Qc2 c6 12. Ne5 Nd7 13. g4 Nxe5 14. dxe5 c5 15. g5
Nf5 16. Bxf5 exf5 17. gxh6 gxh6 18. Nxd5 Be6 19. Nf6+ Kh8 20. Rxh6+ Kg7 21. Rh7+
Kg6 22. Qe2 1-0

[Event "AUTO-OPEN-4482"]
[Site "http://www.queenalice.com/game.php?id=1831047"]
[Date "2024.2.7"]
[Round "2"]
[White "niclep"]
[Black "bmax"]
[Result "0-1"]
[WhiteElo "2076"]
[BlackElo "2265"]

1. e4 c6 2. d4 d5 3. e5 Bf5 4. Bd3 Bxd3 5. Qxd3 e6 6. a3 c5 7. c3 Nc6 8. Nf3
Nge7 9. Be3 Qb6 10. Ra2 Qb3 0-1

[Event "AUTO-OPEN-4482"]
[Site "http://www.queenalice.com/game.php?id=1831052"]
[Date "2024.2.7"]
[Round "2"]
[White "niclep"]
[Black "ClivetheBeard"]
[Result "1/2-1/2"]
[WhiteElo "2068"]
[BlackElo "2694"]

1. e4 c5 2. c4 g6 3. d3 Bg7 4. Nc3 Nc6 5. Be3 d6 6. h3 e6 7. Qd2 Nd4 8. Be2 Ne7
9. Nf3 Nec6 10. O-O O-O 11. Bh6 a6 12. Bxg7 Kxg7 13. Nh2 b5 14. b3 b4 15. Nd1
Ra7 1/2-1/2

[Event "AUTO-OPEN-4482"]
[Site "http://www.queenalice.com/game.php?id=1831053"]
[Date "2024.2.7"]
[Round "2"]
[White "ClivetheBeard"]
[Black "niclep"]
[Result "1-0"]
[WhiteElo "2688"]
[BlackElo "2082"]

1. f4 d5 2. Nf3 Nc6 3. e3 a6 4. Be2 e6 5. d3 Nf6 6. O-O Bc5 7. d4 Bb6 8. c4 Ne7
9. c5 Ba7 10. Nc3 O-O 11. Ne5 Nd7 12. Bd3 f6 13. Qh5 g6 14. Nxg6 Nxg6 15. Bxg6
hxg6 16. Qxg6+ Kh8 17. Rf3 1-0